| 000 | 00888cam a22002411 4500 | ||
|---|---|---|---|
| 001 | ne 65001912 | ||
| 003 | DLC | ||
| 005 | 20260227111816.0 | ||
| 008 | 890522s1959 ua 000 0 arar | ||
| 010 | _ane 65001912 | ||
| 035 | _a(OCoLC)19746870 | ||
| 040 |
_aDLC _cWaU _dWaU _dDLC |
||
| 042 | _apremarc | ||
| 043 | _aa-iq--- | ||
| 050 | 0 | 0 |
_aPJ8040 _b.D8 |
| 100 | 1 |
_aDujaylī, ʻAbd al-Karīm, _d1912- |
|
| 245 | 1 | 0 |
_aMuḥāḍarāt ʻan al-shiʻr al-ʻIrāqī al-ḥadīth, _calqāhā ʻAbd al-Karīm al-Dujaylī ʻalá ṭalibat Qism al-Dirāsāt al-Adabīyah wa-al-Lughawīyah. |
| 260 |
_a[al-Qāhirah] _bJāmiʻat al-Duwal al-ʻArabīyah, Maʻhad al-Dirāsāt al-ʻArabīyah al-ʻĀliyah, _c1959. |
||
| 300 |
_a223 p. _c24 cm. |
||
| 504 | _aBibliographical footnotes. | ||
| 650 | 0 |
_aArabic poetry _zIraq _xHistory and criticism. |
|
| 740 | 0 | _aShiʻr al-ʻIrāqī al-ḥadītḥ. | |
| 999 |
_c48360 _d48360 |
||